[Event "Elit(Kamraterna-Eksjo)"]
[Site "?"]
[Date "2010.12.04"]
[Round "5"]
[White "Akvist, Hakan"]
[Black "Borvander, Tom"]
[Result "0-1"]
[WhiteElo "2091"]
[BlackElo "2222"]
[PlyCount "98"]

1. d4 Nf6 2. c4 g6 3. Nc3 Bg7 4. e4 d6 5. Be2 O-O 6. Bg5 c5 7. d5 h6 8. Bh4 b5
9. cxb5 a6 10. bxa6 Bxa6 11. Bxa6 Nxa6 12. Nge2 Qb6 13. Rb1 Qb4 14. a3 Qa5 15.
O-O c4 16. f3 Nc5 17. Bf2 Rfb8 18. Nd4 Rb7 19. Nc6 Qc7 20. Bxc5 dxc5 21. Qe2 e6
22. Qxc4 exd5 23. exd5 Nd7 24. Rfe1 Ne5 25. Nxe5 Bxe5 26. Qh4 Bd4+ 27. Kh1 Rxb2
28. Rxb2 Bxc3 29. Re7 Rxa3 30. Rb1 Qd6 31. Qe4 Bd4 32. Reb7 Re3 33. Qh4 Qxd5
34. h3 Kg7 35. Qf4 Qe6 36. Rf1 Re2 37. Qg4 Qc4 38. Rbb1 Qa2 39. f4 h5 40. Qf3
Re3 41. Qc6 Qc2 42. f5 gxf5 43. Rb6 Re6 44. Qb7 Qd3 45. Rbb1 Re3 46. Rf3 Rxf3
47. gxf3 c4 48. Rc1 c3 49. Qc6 Qd2 0-1

[Event "Elit(Manhem-Orgryte)"]
[Site "?"]
[Date "2011.01.15"]
[Round "6"]
[White "Frisk Kockum, Anton"]
[Black "Winsnes, Rikard"]
[Result "0-1"]
[WhiteElo "2412"]
[BlackElo "2503"]
[PlyCount "88"]
[SourceDate "2011.01.16"]

1. d4 Nf6 2. Nf3 g6 3. c4 Bg7 4. Nc3 d5 5. Bg5 Ne4 6. Bh4 Nxc3 7. bxc3 dxc4 8.
e3 b5 9. a4 c6 10. Qb1 a6 11. Be2 Bf5 12. e4 Bc8 13. O-O O-O 14. Rd1 Nd7 15. d5
cxd5 16. axb5 Rb8 17. Rxd5 Bxc3 18. Ra3 Bf6 19. Bxf6 exf6 20. Qc1 Rxb5 21. Bxc4
Rxd5 22. Bxd5 Ne5 23. h4 Qd6 24. Nxe5 Qxe5 25. Qc4 Kg7 26. Ra5 Rd8 27. g3 Be6
28. Qxa6 Bxd5 29. Rxd5 Rxd5 30. exd5 Qxd5 31. Qa1 Qe5 32. Qc1 f5 33. f4 Qe2 34.
Qc3+ Kh6 35. Qf6 Qf3 36. Kh2 Qf2+ 37. Kh3 Qe1 38. Kg2 Qe2+ 39. Kg1 Qf3 40. Kh2
Qf2+ 41. Kh3 Qg1 42. Qc6 Qf1+ 43. Kh2 Kh5 44. Qf6 Kg4 0-1

[Event "Elit(Manhem-Orgryte)"]
[Site "?"]
[Date "2011.01.15"]
[Round "6"]
[White "Welin, Mats"]
[Black "Ziegler, Ari"]
[Result "0-1"]
[WhiteElo "2397"]
[BlackElo "2398"]
[PlyCount "92"]

1. e4 e5 2. Nf3 Nc6 3. Bb5 a6 4. Ba4 Nf6 5. O-O Be7 6. Re1 b5 7. Bb3 O-O 8. a4
b4 9. d3 d6 10. Nbd2 Be6 11. Nc4 Qc8 12. a5 Rb8 13. h3 h6 14. Be3 Kh8 15. d4
exd4 16. Nxd4 Nxd4 17. Bxd4 Rb5 18. Qf3 Rg5 19. Kh1 Nxe4 20. h4 Rf5 21. Qxe4 d5
22. Qe3 Rh5 23. Nd2 Bg5 24. f4 Rxh4+ 25. Kg1 Bxf4 26. Qf2 Bh2+ 27. Kf1 Rg4 28.
Re2 Bd6 29. Nf3 Kg8 30. c3 bxc3 31. bxc3 Bf5 32. Bc2 Be4 33. Bxe4 dxe4 34. Ne5
Rg5 35. Rxe4 c5 36. Nf3 cxd4 37. Nxg5 Qxc3 38. Qxd4 Qg3 39. Nf3 Rc8 40. Rae1
Bc5 41. Re8+ Kh7 42. Qd3+ g6 43. Qc2 Rc6 44. Qb2 Rf6 45. R1e4 Rxf3+ 46. gxf3
Qg1+ 0-1

[Event "Elit(Manhem-Orgryte)"]
[Site "?"]
[Date "2011.01.15"]
[Round "6"]
[White "Hultin, Johan"]
[Black "Eksmyr, Johan"]
[Result "1-0"]
[WhiteElo "2366"]
[BlackElo "2179"]
[PlyCount "76"]

1. d4 Nf6 2. Nf3 g6 3. c4 Bg7 4. Nc3 d5 5. cxd5 Nxd5 6. e4 Nxc3 7. bxc3 O-O 8.
Be2 c5 9. O-O cxd4 10. cxd4 Nc6 11. Be3 e6 12. Rc1 Qa5 13. Rc5 Qxa2 14. h4 Rd8
15. h5 Qa3 16. Qc2 Nb4 17. Qb1 b6 18. Rcc1 Bb7 19. hxg6 hxg6 20. Rc7 Ba6 21.
Bxa6 Nxa6 22. Rc4 Rac8 23. Rfc1 Rxc4 24. Rxc4 Bf8 25. Ng5 Be7 26. Qd1 b5 27.
Rc1 Qd6 28. Qg4 Bf8 29. Qh4 Bg7 30. e5 Qe7 31. Qh7+ Kf8 32. Ne4 Qb7 33. Nd6 Qd7
34. Rc3 b4 35. Bh6 Bxh6 36. Qxh6+ Ke7 37. Qg5+ Kf8 38. Rh3 Qxd6 1-0

[Event "Elit(Manhem-Orgryte)"]
[Site "?"]
[Date "2011.01.15"]
[Round "6"]
[White "Zackrisson, Mattias"]
[Black "Carlhammar, Magnus"]
[Result "1/2-1/2"]
[WhiteElo "2200"]
[BlackElo "2318"]
[PlyCount "51"]

1. e4 e5 2. Nf3 Nc6 3. Bb5 a6 4. Ba4 Nf6 5. Qe2 Be7 6. c3 b5 7. Bb3 d6 8. a4
Bd7 9. O-O O-O 10. d4 h6 11. Bc2 Re8 12. Na3 Bf8 13. d5 Ne7 14. axb5 axb5 15.
Be3 Qb8 16. Bd3 b4 17. Nb5 Rxa1 18. Rxa1 Nc8 19. Na7 Nxa7 20. Rxa7 bxc3 21.
bxc3 Nxd5 22. exd5 e4 23. h3 Bf5 24. Bc4 exf3 25. Qxf3 Be4 26. Qg3 1/2-1/2

[Event "Elit(Manhem-Orgryte)"]
[Site "?"]
[Date "2011.01.15"]
[Round "6"]
[White "Fendrich, David"]
[Black "Virolainen, Victor"]
[Result "0-1"]
[WhiteElo "2276"]
[BlackElo "2161"]
[PlyCount "78"]

1. c4 e6 2. g3 d5 3. Bg2 c6 4. Nf3 Nf6 5. O-O Nbd7 6. b3 Be7 7. Bb2 O-O 8. d3
a5 9. Nc3 Nc5 10. Qc2 a4 11. d4 a3 12. Bc1 Na6 13. c5 b5 14. Ne5 Bd7 15. Nd3 b4
16. Nd1 Ne8 17. Qd2 Qb8 18. Ne3 Bf6 19. Nc2 e5 20. Ncxb4 Nxb4 21. Nxb4 exd4 22.
Nd3 Nc7 23. Qf4 Nb5 24. Qxb8 Rfxb8 25. Bf4 Re8 26. Bf3 g5 27. Bd6 g4 28. Bg2
Rxe2 29. Nf4 d3 30. Rad1 Rxa2 31. Nxd3 Nd4 32. Nf4 Nxb3 33. Rfe1 Re8 34. Rxe8+
Bxe8 35. Re1 Ra1 36. Rxa1 Bxa1 37. Nd3 Bb2 38. Be5 Bxe5 39. Nxe5 a2 0-1

[Event "Elit(Manhem-Orgryte)"]
[Site "?"]
[Date "2011.01.15"]
[Round "6"]
[White "Goransson, Michael"]
[Black "Liljedahl, Lennart"]
[Result "0-1"]
[WhiteElo "1838"]
[BlackElo "2233"]
[PlyCount "104"]

1. d4 Nf6 2. Nf3 d5 3. e3 Bg4 4. c4 e6 5. Nc3 c6 6. Be2 Nbd7 7. O-O Bd6 8. Nd2
Bf5 9. c5 Bc7 10. f4 h6 11. Nf3 b6 12. b4 a5 13. b5 bxc5 14. bxc6 Nb8 15. Ba3
c4 16. Qa4 Ng8 17. Nb5 Ne7 18. Nd6+ Bxd6 19. c7+ Qd7 20. cxb8=Q+ Bxb8 21. Bd1
Bc7 22. Ne5 Bxe5 23. fxe5 h5 24. Rf2 c3 25. Bd6 Bd3 26. Qxd7+ Kxd7 27. Rxf7 c2
28. Rxe7+ Kd8 29. Bf3 Rb8 30. Bxb8 Kxe7 31. Bd6+ Kd7 32. Kf2 g5 33. Ke1 g4 34.
Be2 Be4 35. Bf1 Rh7 36. Kd2 Rf7 37. Ke1 h4 38. Rc1 g3 39. hxg3 hxg3 40. Ba3 Rf2
41. Bb2 Bxg2 42. Bxg2 Rxg2 43. Kf1 Rd2 44. a4 Ke8 45. Ke1 Rh2 46. e4 dxe4 47.
d5 e3 48. Kf1 exd5 49. Kg1 Rd2 50. Kf1 Rd1+ 51. Kg2 Rxc1 52. Bxc1 e2 0-1

[Event "Elit(Manhem-Orgryte)"]
[Site "?"]
[Date "2011.01.15"]
[Round "6"]
[White "Kinnmark, Ove"]
[Black "Anderzen, Robert"]
[Result "1-0"]
[WhiteElo "2248"]
[BlackElo "1758"]
[PlyCount "95"]

1. e4 c5 2. Nf3 d6 3. c3 Nf6 4. Be2 e6 5. O-O Be7 6. Re1 O-O 7. Bf1 b6 8. d4
Bb7 9. Nbd2 Nc6 10. a3 Rc8 11. Bd3 cxd4 12. cxd4 e5 13. d5 Nb8 14. b4 Re8 15.
a4 Bf8 16. a5 a6 17. axb6 Qxb6 18. Nc4 Qd8 19. Na5 Rc7 20. Be3 Nbd7 21. Nd2 Qb8
22. Rb1 g6 23. Qe2 Rd8 24. h3 Bxd5 25. exd5 Nxd5 26. Qf3 Nxb4 27. Bc4 Nc5 28.
Bxc5 dxc5 29. Ne4 Qc8 30. Ng5 Rdd7 31. Rxe5 Bg7 32. Ree1 Nc2 33. Red1 Nd4 34.
Qe4 Re7 35. Qd3 Rcd7 36. Qf1 Qc7 37. Nb3 h6 38. Nxd4 Rxd4 39. Nf3 Rxd1 40. Qxd1
a5 41. Qb3 Kh7 42. Qb5 Bc3 43. h4 h5 44. Rd1 Kg7 45. Ba2 Bb4 46. Ng5 Bc3 47.
Bxf7 Kh6 48. Qd3 1-0

[Event "Elit(Eksjo-Limhamn)"]
[Site "?"]
[Date "2011.01.15"]
[Round "6"]
[White "Brynell, Stellan"]
[Black "Gdanski, Jacek"]
[Result "0-1"]
[WhiteElo "2546"]
[BlackElo "2585"]
[PlyCount "58"]
[SourceDate "2011.01.16"]

1. d4 e6 2. c4 d5 3. Nc3 c6 4. Nf3 dxc4 5. e3 b5 6. a4 Bb4 7. Bd2 Bb7 8. axb5
Bxc3 9. Bxc3 cxb5 10. b3 a5 11. bxc4 b4 12. Bb2 Nf6 13. Bd3 O-O 14. O-O Nbd7
15. Re1 Be4 16. Bxe4 Nxe4 17. Qc2 f5 18. c5 Qc7 19. Rec1 Qc6 20. Qa4 Qd5 21.
Ne1 f4 22. f3 Nd2 23. e4 Qb3 24. Qxd7 Rad8 25. Qc6 Qxb2 26. Qxe6+ Kh8 27. Nc2
b3 28. Qb6 Nc4 29. Qb5 Qc3 0-1

[Event "Elit(Eksjo-Limhamn)"]
[Site "?"]
[Date "2011.01.15"]
[Round "6"]
[White "Ornstein, Axel"]
[Black "Jepson, Christian"]
[Result "1/2-1/2"]
[WhiteElo "2415"]
[BlackElo "2473"]
[PlyCount "89"]

1. Nf3 Nf6 2. c4 e6 3. g3 d5 4. Bg2 dxc4 5. O-O Nbd7 6. a4 a5 7. Qc2 Nb6 8. Rd1
Nfd5 9. Ne5 Nb4 10. Qc3 N4d5 11. Qc2 Nb4 12. Qc3 N4d5 13. Qd4 Qf6 14. Nc3 Bd6
15. f4 Qe7 16. Ne4 O-O 17. Nxc4 Nxc4 18. Qxc4 b6 19. d3 Ba6 20. Qd4 Rac8 21.
Bd2 Bb4 22. Bc3 f5 23. Bxb4 Nxb4 24. Ng5 h6 25. Nf3 Nc2 26. Qc3 Nxa1 27. Rxa1
c5 28. Ne5 Qd6 29. e3 c4 30. dxc4 Rfd8 31. Rc1 Qd2 32. Bc6 Qxc3 33. Rxc3 Rd1+
34. Kf2 Rcd8 35. Nf3 Rb1 36. Rc2 Rd6 37. Nd4 g5 38. b3 Kf7 39. h3 Kf6 40. c5
bxc5 41. Rxc5 Rb2+ 42. Ke1 Rb1+ 43. Kf2 Rb2+ 44. Ke1 Rb1+ 45. Kf2 1/2-1/2

[Event "Elit(Eksjo-Limhamn)"]
[Site "?"]
[Date "2011.01.15"]
[Round "6"]
[White "Ahlander, Bjorn"]
[Black "Vernersson, Per"]
[Result "1-0"]
[WhiteElo "2500"]
[BlackElo "2456"]
[PlyCount "63"]

1. e4 c6 2. d4 d5 3. exd5 cxd5 4. c4 Nf6 5. Nc3 e6 6. Nf3 Bb4 7. cxd5 Nxd5 8.
Bd2 Nc6 9. Bd3 Nf6 10. Be3 Be7 11. O-O O-O 12. a3 b6 13. Re1 Bb7 14. Bc2 Rc8
15. Qd3 Nb8 16. Bg5 Ba6 17. Qe3 Bb7 18. Rad1 Nd5 19. Bxh7+ Kxh7 20. Qe4+ Kg8
21. Bxe7 Nxc3 22. Qh4 Qd5 23. bxc3 Rfe8 24. Re5 Qb3 25. Rde1 Bxf3 26. gxf3 Nd7
27. Rh5 f6 28. Bd6 Kf7 29. Rh7 Qc2 30. Re4 Qc1+ 31. Kg2 Qg5+ 32. Rg4 1-0

[Event "Elit(Eksjo-Limhamn)"]
[Site "?"]
[Date "2011.01.15"]
[Round "6"]
[White "Andersson, Johan"]
[Black "Eklund, Joel"]
[Result "0-1"]
[WhiteElo "2115"]
[BlackElo "2276"]
[PlyCount "78"]

1. e4 c5 2. Nf3 e6 3. Nc3 a6 4. d4 cxd4 5. Nxd4 Qc7 6. g3 Bb4 7. Nde2 Be7 8.
Bg2 Nf6 9. O-O d6 10. h3 Nc6 11. f4 Bd7 12. Be3 b5 13. g4 h6 14. Ng3 g6 15. Qe1
Rc8 16. Nd5 exd5 17. exd5 Nb8 18. Bd4 Kf8 19. g5 hxg5 20. fxg5 Qxc2 21. gxf6
Bd8 22. Rc1 Qxc1 23. Qxc1 Rxc1 24. Rxc1 Rh4 25. Ba7 Bxf6 26. Bxb8 Be5 27. Ne4
Bxh3 28. Bxh3 Rxe4 29. Rc2 Ke7 30. b3 Bd4+ 31. Kf1 Bc5 32. Rxc5 dxc5 33. d6+
Ke8 34. d7+ Kd8 35. Ba7 Rf4+ 36. Ke2 Rf6 37. Bxc5 Rc6 38. Bb4 Re6+ 39. Kd3 f5
0-1

[Event "Elit(Eksjo-Limhamn)"]
[Site "?"]
[Date "2011.01.15"]
[Round "6"]
[White "Tadjerbashi, Amir"]
[Black "Al-Saadi, Ali Ghazi"]
[Result "1/2-1/2"]
[WhiteElo "2233"]
[BlackElo "2114"]
[PlyCount "69"]

1. e4 e5 2. Nf3 Nc6 3. d4 exd4 4. Bc4 Nf6 5. e5 d5 6. Bb5 Ne4 7. Nxd4 Bd7 8.
Bxc6 bxc6 9. O-O Be7 10. f3 Ng5 11. Be3 O-O 12. Nb3 Ne6 13. f4 f5 14. exf6 Bxf6
15. c3 Re8 16. Qd3 a5 17. f5 Ng5 18. N1d2 Nf7 19. Nf3 Bxf5 20. Qxf5 Rxe3 21.
Nfd4 Qe8 22. Qg4 Nh6 23. Qf4 Re4 24. Qg3 Be5 25. Qh3 Bd6 26. Nd2 Re3 27. N2f3
c5 28. Nf5 Nxf5 29. Qxf5 Qe6 30. Qh5 g6 31. Qh6 Bf8 32. Qf4 Bd6 33. Qh6 Bf8 34.
Qf4 Bd6 35. Qh6 1/2-1/2

[Event "Elit(Eksjo-Limhamn)"]
[Site "?"]
[Date "2011.01.15"]
[Round "6"]
[White "Akvist, Hakan"]
[Black "Holst, Conny"]
[Result "1-0"]
[WhiteElo "2087"]
[BlackElo "2245"]
[PlyCount "73"]

1. d4 Nf6 2. c4 c5 3. d5 e5 4. Nc3 d6 5. g3 Be7 6. e4 O-O 7. f3 Ne8 8. Be3 Bg5
9. Bf2 g6 10. h4 Bh6 11. Bh3 Bxh3 12. Nxh3 f5 13. g4 fxg4 14. fxg4 Bf4 15. Nxf4
exf4 16. e5 Nd7 17. e6 Ne5 18. g5 Qa5 19. Qb3 Qa6 20. Nb5 Qa5+ 21. Kd1 a6 22.
Be1 Qd8 23. Na3 b5 24. cxb5 axb5 25. Nxb5 c4 26. Qc3 Qb6 27. a4 Ng7 28. Rf1 Nf5
29. Bd2 Qxb5 30. axb5 Rxa1+ 31. Ke2 Ng3+ 32. Qxg3 fxg3 33. Rxa1 Rf2+ 34. Ke3
Rxd2 35. Kxd2 g2 36. b6 Nf3+ 37. Ke3 1-0

[Event "Elit(Vasteras-Team Viking)"]
[Site "?"]
[Date "2011.01.15"]
[Round "6"]
[White "Semcesen, Daniel"]
[Black "Akesson, Ralf"]
[Result "0-1"]
[WhiteElo "2509"]
[BlackElo "2448"]
[PlyCount "100"]
[SourceDate "2011.01.23"]

1. d4 Nf6 2. c4 g6 3. Nc3 d5 4. Nf3 Bg7 5. Qb3 dxc4 6. Qxc4 O-O 7. e4 Na6 8.
Be2 c5 9. d5 e6 10. O-O exd5 11. exd5 Re8 12. Rd1 Bf5 13. h3 Ne4 14. Be3 Qb6
15. g4 Nd6 16. Qb3 Bd7 17. Rd2 Rac8 18. Kg2 Qb4 19. Ne1 h5 20. Nc2 Qa5 21. a4
hxg4 22. hxg4 c4 23. Qa3 Nc5 24. Rdd1 Bf8 25. Qb4 Qc7 26. Qxc5 Qxc5 27. Bxc5
Rxc5 28. Ne3 Bh6 29. Kf3 Kg7 30. Rd4 a6 31. Rg1 Bg5 32. Nxc4 Bf6 33. Nxd6 Bxd4
34. Nxe8+ Bxe8 35. Rc1 Bxa4 36. Ke4 Bf6 37. f4 Bb3 38. d6 Bd8 39. Bf3 Rc6 40.
d7 Rd6 41. Bd1 Bc4 42. Be2 Be6 43. f5 Bxd7 44. Bc4 Bf6 45. Nd5 Rc6 46. Nxf6
Kxf6 47. fxg6 fxg6 48. Rf1+ Kg5 49. Bd5 Rb6 50. Rf7 Be6 0-1

[Event "Elit(Vasteras-Team Viking)"]
[Site "?"]
[Date "2011.01.15"]
[Round "6"]
[White "Ernst, Thomas"]
[Black "Eriksson, Johan"]
[Result "1-0"]
[WhiteElo "2510"]
[BlackElo "2447"]
[PlyCount "107"]

1. d4 Nf6 2. c4 g6 3. Nc3 Bg7 4. e4 d6 5. f3 O-O 6. Be3 Nc6 7. Nge2 a6 8. Qd2
Rb8 9. h4 h5 10. O-O-O b5 11. Bh6 e5 12. Bxg7 Kxg7 13. d5 Na5 14. Ng3 bxc4 15.
Be2 Rb4 16. Qg5 Kh7 17. Nf1 Nd7 18. Qxd8 Rxd8 19. Ne3 Nc5 20. g4 hxg4 21. fxg4
Na4 22. Nc2 Nxc3 23. bxc3 Ra4 24. Nb4 c5 25. dxc6 Be6 26. Kb2 Rxb4+ 27. cxb4
Nxc6 28. Kc3 Nd4 29. Rxd4 exd4+ 30. Kxd4 d5 31. e5 Kg7 32. a3 Kf8 33. h5 gxh5
34. gxh5 Kg7 35. h6+ Kh7 36. Bd1 Rg8 37. a4 Rb8 38. Bc2+ Kh8 39. Rb1 Rg8 40. b5
axb5 41. axb5 Rg4+ 42. Kc5 d4 43. Bd1 Re4 44. Bf3 Rxe5+ 45. Kxd4 Rg5 46. b6 Bc8
47. Kxc4 Kh7 48. Ra1 Kxh6 49. Ra8 Rg1 50. Bc6 Rc1+ 51. Kd5 Bg4 52. b7 Bf3+ 53.
Kd4 Bxc6 54. Rh8+ 1-0

[Event "Elit(Vasteras-Team Viking)"]
[Site "?"]
[Date "2011.01.15"]
[Round "6"]
[White "Norberg, Johan"]
[Black "Sagit, Rauan"]
[Result "1-0"]
[WhiteElo "2370"]
[BlackElo "2433"]
[PlyCount "89"]

1. e4 c5 2. Nf3 d6 3. c3 Nf6 4. h3 Nc6 5. Bd3 g6 6. Bc2 Bg7 7. O-O O-O 8. d4
cxd4 9. cxd4 b5 10. Qe2 Bd7 11. Rd1 Ne8 12. Be3 Nc7 13. Nbd2 a5 14. Rac1 a4 15.
d5 Nb4 16. a3 Nba6 17. Nd4 Nc5 18. N2f3 Qb8 19. Bb1 Qb7 20. Qd2 Rfb8 21. Bh6
Rf8 22. Qf4 f6 23. h4 Be8 24. Ba2 Bf7 25. Bxg7 Kxg7 26. Nc6 Rae8 27. Nxe7 Rxe7
28. Qxd6 N7a6 29. e5 Ne4 30. exf6+ Nxf6 31. Ng5 h6 32. Ne6+ Bxe6 33. dxe6 Rfe8
34. Rc3 Kh7 35. Qf4 Nh5 36. Qe5 Ng7 37. Rd6 Rg8 38. Bb1 Ne8 39. h5 Nxd6 40.
hxg6+ Rxg6 41. Rg3 Reg7 42. Qxd6 Qc7 43. Bxg6+ Rxg6 44. Qd3 Qg7 45. Qc2 1-0

[Event "Elit(Vasteras-Team Viking)"]
[Site "?"]
[Date "2011.01.15"]
[Round "6"]
[White "Poley, Vladimir"]
[Black "Nilsson, Andre"]
[Result "1/2-1/2"]
[WhiteElo "2416"]
[BlackElo "2302"]
[PlyCount "104"]

1. c4 g6 2. g3 Bg7 3. Bg2 Nf6 4. Nc3 O-O 5. e4 d6 6. Nge2 e5 7. O-O c6 8. d4
Nbd7 9. h3 Qa5 10. Be3 Re8 11. Re1 exd4 12. Bxd4 Nc5 13. Qc2 Ne6 14. Be3 Qh5
15. Red1 Bf8 16. g4 Qa5 17. f4 Nd7 18. a3 Qd8 19. Ng3 a5 20. Rab1 Qc7 21. Qf2
Nec5 22. b4 axb4 23. axb4 Na4 24. Nxa4 Rxa4 25. Bf1 Bg7 26. Rb3 Nf6 27. Bb6 Qe7
28. g5 Nd7 29. Bd4 Bxd4 30. Qxd4 c5 31. Qxd6 Qxd6 32. Rxd6 cxb4 33. Rd5 Nb8 34.
e5 Nc6 35. Ne4 Rf8 36. Rb2 Ra1 37. Kf2 Be6 38. Rc5 Rfa8 39. Nd6 b3 40. Rxb3
R8a2+ 41. Kg3 Rxf1 42. Rxc6 Rg1+ 43. Kf3 Bxh3 44. Rxb7 Bg2+ 45. Ke3 Bxc6 46.
Rc7 Re1+ 47. Kd4 Ra6 48. Rc8+ Kg7 49. f5 gxf5 50. Nxf5+ Kg6 51. Ne7+ Kxg5 52.
Nxc6 Kf4 1/2-1/2

[Event "Elit(Vasteras-Team Viking)"]
[Site "?"]
[Date "2011.01.15"]
[Round "6"]
[White "Eriksson, Anders"]
[Black "Agrest, Inna"]
[Result "1-0"]
[WhiteElo "2305"]
[BlackElo "2383"]
[PlyCount "79"]

1. Nf3 Nf6 2. g3 g6 3. Bg2 Bg7 4. c4 d6 5. O-O O-O 6. Nc3 Nbd7 7. d4 e5 8. e4
a6 9. Re1 Re8 10. h3 Rb8 11. b3 exd4 12. Nxd4 Ne5 13. Rb1 c5 14. Nc2 Be6 15. a4
Qd7 16. Kh2 h5 17. Ne3 Nc6 18. Bd2 Nd4 19. Nc2 Nc6 20. f4 Nh7 21. Ne3 Nd4 22.
a5 Qd8 23. Ncd5 h4 24. g4 g5 25. f5 Be5+ 26. Kh1 Bxd5 27. Nxd5 f6 28. b4 Nf8
29. b5 Nd7 30. bxa6 bxa6 31. Qa4 Kf7 32. Rxb8 Nxb8 33. Rb1 Nbc6 34. Rb7+ Ne7
35. Qa2 Kf8 36. Qb1 Nxd5 37. cxd5 Nb5 38. Rb6 Qc8 39. Rc6 Qb8 40. Rxa6 1-0

[Event "Elit(Vasteras-Team Viking)"]
[Site "?"]
[Date "2011.01.15"]
[Round "6"]
[White "Bergstrom, Peter"]
[Black "Janse, Rasmus"]
[Result "0-1"]
[WhiteElo "2371"]
[BlackElo "2276"]
[PlyCount "78"]

1. e4 e6 2. d4 d5 3. Nc3 Bb4 4. Nge2 dxe4 5. a3 Be7 6. Nxe4 Nf6 7. N2g3 Nbd7 8.
Bd3 O-O 9. O-O b6 10. Qe2 Bb7 11. Rd1 Nxe4 12. Bxe4 Bxe4 13. Nxe4 Nf6 14. Nxf6+
Bxf6 15. Bf4 Qe7 16. c3 Rad8 17. Qa6 c6 18. a4 Qd7 19. Re1 Rfe8 20. Re3 Re7 21.
Qe2 g6 22. Rf3 Qd5 23. Bg3 Bg7 24. Re1 Rde8 25. Re3 Rd7 26. Be5 Bxe5 27. Rxe5
Qb3 28. Ra1 Rd5 29. Re3 Rd7 30. Re5 Rd5 31. Re3 Rd7 32. Ra3 Qd5 33. Re5 Qd6 34.
Ra1 c5 35. d5 Rde7 36. Re1 Kf8 37. dxe6 Rxe6 38. f4 Qd5 39. a5 bxa5 0-1

[Event "Elit(Vasteras-Team Viking)"]
[Site "?"]
[Date "2011.01.15"]
[Round "6"]
[White "Norberg, Erik"]
[Black "Aperia, Jakob"]
[Result "1-0"]
[WhiteElo "2243"]
[BlackElo "2125"]
[PlyCount "63"]

1. c4 c6 2. g3 d5 3. Bg2 Nf6 4. b3 dxc4 5. bxc4 Qd4 6. Nc3 Qxc4 7. Ba3 Qa6 8.
Qb3 Qb6 9. Qa4 g6 10. Nf3 Bg7 11. O-O Qd8 12. d4 O-O 13. e4 Nbd7 14. Rad1 b5
15. Qc2 Nb6 16. d5 cxd5 17. exd5 Bb7 18. d6 exd6 19. Bxd6 Re8 20. Nxb5 Nfd5 21.
Ba3 Ba6 22. Qb3 Qd7 23. Nd6 Bxf1 24. Bxf1 Re6 25. Bh3 f5 26. Rxd5 Nxd5 27. Qxd5
Rae8 28. Bf1 Kh8 29. Bb5 Rxd6 30. Bxd6 Qe6 31. Qb7 Rd8 32. Ng5 1-0

[Event "Elit(Upsala-Solna)"]
[Site "?"]
[Date "2011.01.15"]
[Round "6"]
[White "Andersson, Fredrik"]
[Black "Lindberg, Bengt"]
[Result "1/2-1/2"]
[WhiteElo "2375"]
[BlackElo "2434"]
[PlyCount "101"]

1. d4 Nf6 2. c4 e6 3. Nf3 b6 4. g3 Ba6 5. Qc2 Bb4+ 6. Bd2 Be7 7. Bg2 O-O 8. O-O
d5 9. Ne5 c6 10. cxd5 cxd5 11. Nc3 Nfd7 12. Bf4 Nxe5 13. Bxe5 Nd7 14. Bf4 Nf6
15. Rfd1 Qd7 16. Be5 Rac8 17. Qd2 Bb7 18. Qd3 Ne8 19. Rac1 Nd6 20. Bxd6 Bxd6
21. e4 dxe4 22. Bxe4 Bxe4 23. Qxe4 Rc4 24. Ne2 Rxc1 25. Rxc1 Qb5 26. Rc2 Qa5
27. a3 Rd8 28. Kg2 g6 29. Qb7 Kg7 30. Rc3 Qb5 31. Rf3 Rf8 32. Nc3 Qxb2 33. Qxa7
Bxa3 34. Ne4 Qxd4 35. Ng5 Qd5 36. Nxh7 Kxh7 37. Qxa3 Rd8 38. Qb2 b5 39. h4 Rd7
40. Qf6 b4 41. g4 Kg8 42. h5 gxh5 43. gxh5 Qd4 44. Rg3+ Kf8 45. Qh6+ Ke7 46.
Qg5+ Kd6 47. h6 Qe4+ 48. Kh2 f5 49. Re3 Qd4 50. Re2 Kc5 51. Qg3 1/2-1/2

[Event "Elit(Upsala-Solna)"]
[Site "?"]
[Date "2011.01.15"]
[Round "6"]
[White "Bergstrom, Christer"]
[Black "Burwick, Malte"]
[Result "1/2-1/2"]
[WhiteElo "2378"]
[BlackElo "2294"]
[PlyCount "46"]

1. e4 g6 2. d4 Bg7 3. Nf3 d6 4. Bc4 e6 5. O-O Nd7 6. Re1 Ne7 7. Nc3 a6 8. a4 b6
9. Bf4 h6 10. e5 d5 11. Bd3 c5 12. h4 Nc6 13. dxc5 bxc5 14. b3 Bb7 15. Qe2 Nd4
16. Nxd4 cxd4 17. Nb1 Qxh4 18. Bg3 Qe7 19. Nd2 Qb4 20. f4 Nc5 21. Rec1 O-O 22.
Be1 Nxd3 23. Qxd3 Qc3 1/2-1/2

[Event "Elit(Upsala-Solna)"]
[Site "?"]
[Date "2011.01.15"]
[Round "6"]
[White "Landgren, Andreas"]
[Black "Cederberg, Karl Olof"]
[Result "1/2-1/2"]
[WhiteElo "2254"]
[BlackElo "2194"]
[PlyCount "36"]
[EventDate "2011.??.??"]

1. d4 Nf6 2. c4 d6 3. Nc3 Nc6 4. d5 Ne5 5. f4 Ng6 6. e4 e6 7. Nf3 exd5 8. cxd5
c6 9. Be2 Qb6 10. Qb3 Qxb3 11. axb3 Be7 12. O-O O-O 13. Be3 Ng4 14. Bd2 Bd8 15.
Kh1 Bb6 16. Na4 Nf2+ 17. Kg1 Nh3+ 18. Kh1 Nf2+ 1/2-1/2

[Event "Elit(Upsala-Solna)"]
[Site "?"]
[Date "2011.01.15"]
[Round "6"]
[White "Johansson, Carl-Fredrik"]
[Black "Steneskog, Per"]
[Result "1-0"]
[WhiteElo "2235"]
[BlackElo "2213"]
[PlyCount "79"]

1. d4 d5 2. c4 e6 3. Nf3 c5 4. e3 Nf6 5. cxd5 exd5 6. Bb5+ Nc6 7. O-O Bd6 8.
dxc5 Bxc5 9. Qc2 Qd6 10. Nbd2 O-O 11. Bxc6 bxc6 12. b3 Re8 13. Bb2 Bb6 14. Rac1
Bd7 15. Rfd1 Qe7 16. Nd4 Rac8 17. Nf5 Qe6 18. Ng3 Bxe3 19. Re1 Bxf2+ 20. Kxf2
Ng4+ 21. Kg1 Qxe1+ 22. Rxe1 Rxe1+ 23. Ndf1 Rce8 24. h3 Nh6 25. Kh2 f6 26. Nd2
R1e3 27. Nf3 a6 28. b4 Nf7 29. Bd4 R3e6 30. Qd3 Bc8 31. Qc3 Ne5 32. Nd2 Kf7 33.
Nf5 Ng6 34. Qg3 Kg8 35. Qc7 Ne7 36. Nd6 Rf8 37. Nb3 Rxd6 38. Qxd6 Nf5 39. Qxc6
Rd8 40. Bb6 1-0

[Event "Elit(Farsta-Rockaden)"]
[Site "?"]
[Date "2011.01.15"]
[Round "6"]
[White "Karlsson, Lars"]
[Black "Livner, Anders"]
[Result "1/2-1/2"]
[WhiteElo "2563"]
[BlackElo "2402"]
[PlyCount "66"]

1. g3 g6 2. Bg2 Bg7 3. f4 d6 4. Nf3 e5 5. c3 Ne7 6. d3 O-O 7. e4 Nd7 8. O-O Nc5
9. Be3 Ne6 10. Ng5 exf4 11. Nxe6 Bxe6 12. Bxf4 Qd7 13. Nd2 Bh3 14. Nf3 Bxg2 15.
Kxg2 Qc6 16. Qb3 h6 17. Rae1 Rae8 18. g4 d5 19. e5 Qd7 20. h3 c5 21. Qa3 Qb5
22. d4 b6 23. e6 fxe6 24. Bd6 Rf6 25. Be5 Rf7 26. Bxg7 Kxg7 27. Ne5 Rxf1 28.
Rxf1 Qe2+ 29. Rf2 Qe4+ 30. Kg1 Qe1+ 31. Kg2 Qe4+ 32. Kg1 Qe1+ 33. Kg2 Qe4+
1/2-1/2

[Event "Elit(Farsta-Rockaden)"]
[Site "?"]
[Date "2011.01.15"]
[Round "6"]
[White "Blomqvist, Erik"]
[Black "von Bahr, Oskar"]
[Result "1-0"]
[WhiteElo "2472"]
[BlackElo "2359"]
[PlyCount "63"]

1. e4 c5 2. Nf3 Nc6 3. d4 cxd4 4. Nxd4 Nf6 5. Nc3 e5 6. Ndb5 d6 7. Bg5 a6 8.
Na3 b5 9. Nd5 Be7 10. Bxf6 Bxf6 11. c4 b4 12. Nc2 O-O 13. Be2 Bg5 14. O-O Qa5
15. Qd3 Rb8 16. Qg3 Bd8 17. Bg4 Be6 18. Rfd1 Qc5 19. b3 a5 20. Qh3 Re8 21. Rd3
a4 22. Bf5 Bxf5 23. exf5 e4 24. Rg3 Nd4 25. Re1 Kh8 26. f6 g6 27. Qd7 Rf8 28.
Nxd4 Qxd4 29. Qxd6 Bb6 30. Qf4 Rfe8 31. Rge3 Bc5 32. Rxe4 1-0

[Event "Elit(Farsta-Rockaden)"]
[Site "?"]
[Date "2011.01.15"]
[Round "6"]
[White "Olsson, Anders"]
[Black "Svensk, Ingemar"]
[Result "1/2-1/2"]
[WhiteElo "2462"]
[BlackElo "2267"]
[PlyCount "121"]

1. e4 c5 2. Nc3 Nc6 3. f4 g6 4. Nf3 Bg7 5. Bb5 Nd4 6. O-O e6 7. e5 Ne7 8. Nxd4
cxd4 9. Ne4 O-O 10. b3 d5 11. Nf6+ Bxf6 12. exf6 Nf5 13. Ba3 Qxf6 14. Bxf8 Kxf8
15. Qe2 a6 16. Bd3 Ne7 17. Rf3 Bd7 18. g4 Rc8 19. Raf1 Kg8 20. Qe5 Qxe5 21.
fxe5 Be8 22. a3 Nc6 23. Re1 Bd7 24. g5 Kg7 25. Rh3 Ne7 26. Rh4 Bb5 27. Bxb5 Nf5
28. Bd7 Rc7 29. Rf4 Rxd7 30. Kf2 Rc7 31. Rc1 h6 32. gxh6+ Kxh6 33. Ke2 Rc8 34.
Kd3 Kg7 35. Rxf5 gxf5 36. Rg1+ Kf8 37. h4 Ke7 38. h5 Rh8 39. Rg5 Rh7 40. Kxd4
f6 41. exf6+ Kxf6 42. Rg6+ Kf7 43. Ke5 Rxh5 44. Rf6+ Ke7 45. Rxe6+ Kd7 46. Rf6
Kc7 47. d3 Rh2 48. c3 Rb2 49. b4 Rb3 50. Kd4 Rxa3 51. Rxf5 Kc6 52. Rf6+ Kc7 53.
Rh6 Rb3 54. Rh7+ Kc6 55. Rh8 Kc7 56. Rh2 Ra3 57. Rg2 Kc6 58. Rg6+ Kc7 59. Rg8
Rb3 60. Ra8 Ra3 61. Rh8 1/2-1/2